RIDLEY`S THE VULVA / (Record no. 798552)

MARC details
000 -LEADER
fixed length control field 00465pam a2200181 a 4500
020 ## - INTERNATIONAL STANDARD BOOK NUMBER
International Standard Book Number 9781405168
Terms of availability 14817.53
041 ## - LANGUAGE CODE
Language code of text/sound track or separate title eng
Language code of original NULL
082 ## - DEWEY DECIMAL CLASSIFICATION NUMBER
Classification number 618.16
Item number NEI/LCW
100 ## - MAIN ENTRY--PERSONAL NAME
Personal name NEILL, S .
245 ## - TITLE STATEMENT
Title RIDLEY`S THE VULVA /
Statement of responsibility, etc. NULL.
Medium Textual Documents
260 ## - PUBLICATION, DISTRIBUTION, ETC.
Place of publication, distribution, etc. NULL :
Name of publisher, distributor, etc. WILEY - BLACKWELL ,
Date of publication, distribution, etc. 2009.
300 ## - PHYSICAL DESCRIPTION
Extent 260 :
Other physical details XI ;
Dimensions A4 .
365 ## - TRADE PRICE
Price type code 14817.53
650 ## - SUBJECT ADDED ENTRY--TOPICAL TERM
Topical term or geographic name entry element OBST.GYNE
700 ## - ADDED ENTRY--PERSONAL NAME
Personal name LCWIS, F .
930 ## - EQUIVALENCE OR CROSS-REFERENCE-UNIFORM TITLE HEADING [LOCAL, CANADA]
Uniform title 4018
Holdings
Withdrawn status Lost status Damaged status Not for loan Home library Current library Date acquired Cost, normal purchase price Total Checkouts Full call number Barcode Date last seen Copy number Price effective from Koha item type
        Medical College & Hospital, Sangli Medical College & Hospital, Sangli 28/11/2011 14817.53   618.16 NEI/LCW MCS-8662 26/07/2023 1 26/07/2023 Book